| 000 | 01787nam a22002057a 4500 | ||
|---|---|---|---|
| 005 | 20230912155022.0 | ||
| 008 | 230912b ||||| |||| 00| 0 eng d | ||
| 020 | _a9788195895045 | ||
| 040 | _cAL | ||
| 041 | _aeng | ||
| 082 |
_223 _a658.151 _bPANF |
||
| 100 |
_aFairy Panchal _9133473 |
||
| 245 |
_aFinancial Modeling _b: step -by-step guide to building your first financial model and value companies from scratch.. |
||
| 260 |
_bZebra Learn _c2022 |
||
| 300 |
_a261p. _bHB _c21x15cm. |
||
| 365 |
_2General _a#INV-77677 _c₹ _d₹998.75 _f30/08/2023 |
||
| 520 | _aThis book is the ultimate tool for young finance professionals & aspirants looking to break into the financial industry. Financial modeling is considered one of the key skills for any finance role especially because it helps take financial decisions & build strategies. Learn to build financial models from scratch with our step-by-step guide. This book is not a theory book, it's a hands-on boot camp where you work on a real company and build a real financial model as you read. Detailed instructions, downloadable templates, and embedded video course make this book beginner-friendly and 100% actionable. You start with building a solid foundation, extracting raw data & understanding the balance sheet, income statement, and cash flow statements. After that, you move to such as discounted cash flow (DCF) modeling and valuation techniques - key elements of a model. This book is a must-read for young finance professionals and aspirants seeking a career in investment banking, financial analysis, and portfolio management. Boost your resume and gain a competitive edge in the industry with the skills and knowledge gained from this book. | ||
| 650 |
_2Financial Management _a Management _9133474 |
||
| 942 |
_2ddc _cBK |
||
| 999 |
_c228771 _d228771 |
||